000 01236nam a22003497a 4500
003 CHAP
005 20220329134002.0
008 971013s1981 r 00010 d
010 _a13624
011 _a14596
035 _a18670
040 _cCHAP
090 _aTesis
100 0 0 _aGonzález Antillón, Héctor Javier.
_948685
245 _aUtilización de tensiómetros como indicadores del riego en maíz (Zea mays L.) a diferentes regimes de humedad
260 _a(Monterrey, N.L.) :
_bEl autor,
_c1981
300 _a48 h.
_b: gráfs
502 _aTesis (Ing. Agrónomo en Producción Agropecuaria) -- ITESM. Div. de Ciencias Agropecuarias y Marítimas
590 _aALEPH
_b10
_c20130110
_lUCH01
_h1233
590 _aBATCH-UPD
_b10
_c20130110
_lUCH01
_h0106
590 _aBATCH-UPD
_b10
_c20130110
_lUCH01
_h1914
590 _aBATCH-UPD
_b10
_c20130409
_lUCH01
_h2057
590 _aBATCH-UPD
_b10
_c20130410
_lUCH01
_h1241
590 _aBATCH-UPD
_b10
_c20130914
_lUCH01
_h1546
590 _aCONVERSION
_b10
_c20130109
_lUCH01
_h1309
650 1 4 _aMaíz
_xIrrigación.
_970998
650 1 4 _aSuelos
_xHumedad.
_9110391
650 1 4 _aTensiómetros.
_9112281
901 _aBK
942 _cTESIS
949 _bBC
_cTES
_d-43492
_eTS1
_i18670
_si
999 _c13624
_d13624